Notable European Bollards - Geoguessr - Statistics

General Stats
  • This quiz has been taken 197 times
  • The average score is 11 of 27
Answer Stats
Picture Answer % Correct
France
82%
Iceland
68%
Czechia
63%
Poland
63%
Spain
60%
Slovakia
56%
Germany
54%
United Kingdom
53%
Denmark
51%
Italy
50%
Slovenia
50%
Austria
47%
Luxembourg
45%
Croatia
38%
Lithuania
36%
Russia
35%
Greece
33%
Albania
32%
Hungary
32%
Belgium
30%
France
26%
Switzerland
26%
Portugal
24%
Netherlands
18%
Montenegro
17%
France
15%
Liechtenstein
14%
No matching quizzes found
Score Distribution
Percent of People with Each Score
Percentile by Number Answered
Your Score History
You have not taken this quiz